00306nam a2200121Ia 4500008004100000041000800041082001400049100002500063245003100088260002800119300003000147365000700177240624s9999 xx 000 0 und d aeng a302.2 FRU aFRUEHLING ROSEMARY T aCOMMUNICATIONG FOR RESULTS c2000aDelhibA.I.T.B.S. axi, : 511 : p. : cm. ; 26 cRS